[Event "EST-chT 21st"]
[Site "Tallinn"]
[Date "2006.03.24"]
[Round "3"]
[White "Bashkite, Viktoria"]
[Black "Glushakova, Natalja"]
[Result "1/2-1/2"]
[WhiteElo "2214"]
[BlackElo "1902"]
[PlyCount "94"]
[EventDate "2006.03.23"]
[EventType "team"]
[EventRounds "7"]
[EventCountry "EST"]
[SourceTitle "EXT 2007"]
[Source "ChessBase"]
[SourceDate "2006.11.23"]
[SourceVersion "1"]
[SourceVersionDate "2006.11.23"]
[SourceQuality "1"]
[WhiteTeam "Vabaettur"]
[BlackTeam "Paul Keres MK"]
[WhiteTeamCountry "EST"]
[BlackTeamCountry "EST"]

1. c4 Nf6 2. g3 c5 3. Bg2 Nc6 4. Nc3 d6 5. b3 e5 6. Nf3 Bg4 7. d3 Be7 8. h3 Be6 9. 0-0 0-0 10. Bb2 Nd7 11. e3 f5 12. Qe2 Nb6 13. Rad1 Bf6 14. d4 e4 15. d5 exf3 16. Bxf3 Bxc3 17. Bxc3 Bxd5 18. Bxd5+ Nxd5 19. Rxd5 Qe7 20. Qd2 Rad8 21. Rd1 h6 22. Qd3 Qe6 23. Rxd6 Rxd6 24. Qxd6 Qxd6 25. Rxd6 Rd8 26. Rg6 Rd7 27. h4 Kf8 28. h5 Nb4 29. Be5 b6 30. a3 Nd3 31. Bd6+ Kf7 32. b4 cxb4 33. axb4 a5 34. bxa5 bxa5 35. Kf1 a4 36. Ke2 Nb2 37. c5 a3 38. c6 a2 39. cxd7 a1Q 40. Rxg7+ Kxg7 41. Be5+ Kh7 42. d8Q Qa6+ 43. Kd2 Nc4+ 44. Kc3 Nxe5 45. Qe7+ Kg8 46. Qe8+ Kh7 47. Qe7+ Kg8 1/2-1/2

[Event "EST-chT 21st"]
[Site "Tallinn"]
[Date "2006.03.24"]
[Round "2"]
[White "Glushakova, Natalja"]
[Black "Jermolina, Jekaterina"]
[Result "1/2-1/2"]
[WhiteElo "1809"]
[BlackElo "1902"]
[PlyCount "43"]
[EventDate "2006.03.23"]
[EventType "team"]
[EventRounds "7"]
[EventCountry "EST"]
[SourceTitle "EXT 2007"]
[Source "ChessBase"]
[SourceDate "2006.11.23"]
[SourceVersion "1"]
[SourceVersionDate "2006.11.23"]
[SourceQuality "1"]
[WhiteTeam "Paul Keres MK"]
[BlackTeam "Vabaettur II"]
[WhiteTeamCountry "EST"]
[BlackTeamCountry "EST"]

1. e4 e5 2. Nf3 Nc6 3. Bb5 a6 4. Ba4 Nf6 5. 0-0 b5 6. Bb3 Bc5 7. d3 h6 8. c3 d6 9. h3 0-0 10. Re1 Re8 11. Be3 Bxe3 12. Rxe3 Bb7 13. Nh2 Ne7 14. Ng4 Nxg4 15. Qxg4 d5 16. Nd2 Qd6 17. Nf3 Ng6 18. Nh4 Nxh4 19. Qxh4 c5 20. exd5 Bxd5 21. Bxd5 Qxd5 22. Qe4 1/2-1/2